Neurological examination in clinical practice / (Record no. 217)

000 -LEADER
fixed length control field 00856nam a22003017 r4500
001 - CONTROL NUMBER
control field 5086669
003 - CONTROL NUMBER IDENTIFIER
control field LIBRIS
005 - DATE AND TIME OF LATEST TRANSACTION
control field 20210419051612.0
008 - FIXED-LENGTH DATA ELEMENTS--GENERAL INFORMATION
fixed length control field 011211s1980 xxk 000 0 eng c
020 ## - INTERNATIONAL STANDARD BOOK NUMBER
International Standard Book Number 0632005483 ;
Terms of availability �20.00
040 ## - CATALOGING SOURCE
Original cataloging agency L*
Transcribing agency DLC
080 ## - UNIVERSAL DECIMAL CLASSIFICATION NUMBER
Universal Decimal Classification number 616.8
Item number B-56
100 1# - MAIN ENTRY--PERSONAL NAME
Personal name Bickerstaff, Edwin R.
245 00 - TITLE STATEMENT
Title Neurological examination in clinical practice /
Statement of responsibility, etc. Edwin R. Bickerstaff
250 ## - EDITION STATEMENT
Edition statement 4. ed.
260 ## - PUBLICATION, DISTRIBUTION, ETC.
Place of publication, distribution, etc. Oxford :
Name of publisher, distributor, etc. Blackwell,
Date of publication, distribution, etc. 1980
300 ## - PHYSICAL DESCRIPTION
Extent 360 p.
650 ## - SUBJECT ADDED ENTRY--TOPICAL TERM
Source of heading or term Medicine
650 ## - SUBJECT ADDED ENTRY--TOPICAL TERM
Source of heading or term Neurology
650 ## - SUBJECT ADDED ENTRY--TOPICAL TERM
Source of heading or term Clinical Practice
653 ## - INDEX TERM--UNCONTROLLED
Uncontrolled term მედიცინა
653 ## - INDEX TERM--UNCONTROLLED
Uncontrolled term ნევროლოგია
653 ## - INDEX TERM--UNCONTROLLED
Uncontrolled term კლინიკური პრაქტიკა
775 1# - OTHER EDITION ENTRY
Record control number 9900656490
942 ## - ADDED ENTRY ELEMENTS (KOHA)
Source of classification or shelving scheme
Koha item type Books
Edition 4
Holdings
Withdrawn status Lost status Source of classification or shelving scheme Damaged status Not for loan Permanent location Current location Date acquired Inventory number Full call number Barcode Date last seen Price effective from Koha item type
          Ken Walker International University Ken Walker International University 11/12/2020 265 616.8 B-56 265 11/12/2020 11/12/2020 Books

Powered by Koha